|
|
|
|
| LEADER |
00000nab a2200000 a 4500 |
| 001 |
vtls000283174 |
| 003 |
SK-MaSNL |
| 005 |
20260302215957.0 |
| 008 |
111202c1987 xo 0 slo |
| 015 |
|
|
|a SNBRA19rr/mm-uuuuu
|
| 035 |
|
|
|a CL0293292
|
| 040 |
|
|
|a SNKBUCL
|b slo
|c SNKBUCL
|e AACR2
|
| 041 |
0 |
|
|a slo
|
| 044 |
|
|
|a xo
|c SK
|
| 080 |
|
|
|a 631.153:519.673
|2 1981
|
| 080 |
|
|
|a 519.673
|2 1981
|
| 100 |
1 |
|
|a Korená, Mária,
|d 1958-
|4 aut
|9 198129
|
| 245 |
1 |
0 |
|a Model ako nástroj plánovania v poľnohospodárskom podniku
|c Mária Korená
|
| 650 |
0 |
7 |
|a poľnohospodárske podniky
|2 snkbucl
|9 4194
|
| 650 |
0 |
7 |
|a plánovanie
|2 snkbucl
|9 15324
|
| 655 |
|
7 |
|a články zo zborníkov
|2 snkbucl
|9 166140
|
| 773 |
0 |
|
|t Socialistický poľnohospodársky podnik a jeho rozvoj v podmienkach intenzívneho typu reprodukcie
|d Bratislava : VŠE, 1987
|
| 850 |
|
|
|a Slovenská národná knižnica v Martine
|a MTA001
|
| 852 |
|
|
|a SNK
|b KIS3GCP
|
| 958 |
|
|
|a RK
|
| 992 |
|
|
|a RZB
|
| 999 |
|
|
|c 1504890
|d 1506820
|